Φορτώνει......

Public finance

Λεπτομέρειες βιβλιογραφικής εγγραφής
Κύριος συγγραφέας: Aswathi, G D
Άλλοι συγγραφείς: Sachdeva, A N
Μορφή: Printed Book
Γλώσσα:Undetermined
English
Έκδοση: Lucknow Prakashan Kendra 1993
Θέματα:
Tax
LEADER 00570nam a2200205Ia 4500
008 140306s9999 xx 000 0 und d
041 |a eng 
082 |a 336  |b SAC/PU 
100 |a Aswathi, G D 
245 |a Public finance 
260 |a Lucknow  |b Prakashan Kendra  |c  1993 
300 |a 410 
365 |b Rs .53 
650 |a budjet 
650 |a central finance 
650 |a Tax 
700 |a Sachdeva, A N 
942 |2 ddc  |c BK 
999 |c 182358  |d 182358 
952 |0 0  |1 0  |2 ddc  |4 0  |6 336_000000000000000_SAC_PU  |7 0  |9 188054  |a KAUCBV  |b KAUCBV  |g 53.00  |o 336 SAC/PU  |r 2014-03-22  |w 2014-03-22  |y BK